Quiz o Motwicy - Statystyki

Ogólne statystyki
  • Ten quiz został rozwiązany 6 razy
    4 od ostatniego zresetowania
  • Średni wynik to 3 z 11
Statystyki odpowiedzi
Wskazówka Odpowiedź % Poprawnych
Kod pocztowy Motwicy 21-518
67%
W jakiej gminie leży Motwica? Gmina {Sosnówka}
67%
W jakim powiecie leży Motwica? powiat {bialski}
67%
W czerwcu 1929 roku co zniszczyło 40 domów, 30 stodół i 40 chlewów Pożar
67%
W Motwicy znajduje się cmentarz żołnierzy Armii {Radzieckiej}
33%
Fundator Kościoła Narodzenia Najświętszej Maryi Panny w Motwicy Józef Mierzejewski
33%
W którym roku skończono budowanie Kościoła z powyższego pytania? 1798
0%
Integralne części wsi Motwica Dwór
0%
Integralne części wsi Motwica Komarówka
0%
Jak nazywa się patron szkoły w Motwicy Stanisław Jachowicz
0%
Rzeka przepływająca przez Motwicę Żylawa
0%
Nie znaleziono quizów pasujących do podanych kryteriów
Rozkład punktacji
Procent ludzi z każdym wynikiem
Percentyl według liczby udzielonych odpowiedzi
Twoja historia wyników
Nie rozwiązałeś tego quizu od ostatniego zresetowania